'Sharing economy vs. Uber economy' y las fronteras de Derecho del trabajo (Registro nro. 47356)
[ vista simple ]
| 000 -CABECERA | |
|---|---|
| Longitud fija campo de control | 02087nam a2200481 c 4500 |
| 001 - NÚMERO DE CONTROL | |
| Número de control | 47356 |
| 003 - IDENTIFICADOR DE NÚMERO DE CONTROL | |
| Identificador del número de control | ES-MaCES |
| 005 - FECHA Y HORA DE LA ÚLTIMA TRANSACCIÓN | |
| Fecha y hora de la última transacción | 20251115040003.0 |
| 007 - PHYSICAL DESCRIPTION FIXED FIELD--GENERAL INFORMAT | |
| Campo fijo de descripción física | cr ||||||||||| |
| 008 - CAMPO FIJO DE DESCRIPCIÓN FIJA--INFORMACIÓN GENERAL | |
| Códigos de información de longitud fija | 160407s2016 sp |000 | spa d |
| 040 ## - FUENTE DE CATALOGACIÓN | |
| Centro catalogador de origen | ES-MaCES |
| Lengua de catalogación | spa |
| Centro transcriptor | ES-MaCES |
| 041 1# - CÓDIGO DE IDIOMA | |
| Código de lengua del texto;banda sonora o título independiente | spa |
| -- | eng |
| 100 1# - ENCABEZAMIENTO PRINCIPAL--NOMBRE PERSONAL | |
| 9 (RLIN) | 13443 |
| Nombre de persona | Ginès y Fabrellas, Anna |
| 245 11 - MENCIÓN DE TÍTULO | |
| Título | 'Sharing economy vs. Uber economy' y las fronteras de Derecho del trabajo |
| Medio | Recurso electrónico |
| Resto del título | : la (des) protección de los trabajadores en el nuevo entorno digital |
| Mención de responsabilidad, etc. | Anna Ginès i Fabrellas, Sergi Gálvez Duran |
| 260 ## - PUBLICACIÓN, DISTRIBUCIÓN, ETC (PIE DE IMPRENTA) | |
| Lugar de publicación, distribución, etc. | [Barcelona |
| Nombre del editor, distribuidor, etc. | Universitat Pompeu Fabra] |
| Fecha de publicación, distribución, etc. | 2016 |
| 300 ## - DESCRIPCIÓN FÍSICA | |
| Extensión | 1 documento pdf |
| Dimensiones | (458 kb) |
| 500 ## - NOTA GENERAL | |
| Nota general | Traducción de: Sharing economy vs. Uber economy an the boundaries of Labor Law, vulnerability of workers in the new digital environment |
| 500 ## - NOTA GENERAL | |
| Nota general | Resumen en español e inglés |
| 500 ## - NOTA GENERAL | |
| Nota general | En: InDret, revista para el análisis del Derecho. - En. 2016 |
| 504 ## - NOTA DE BIBLIOGRAFÍA, ETC. | |
| Nota de bibliografía, etc. | Bibliografía: p. 42-44 |
| 541 ## - NOTA DE LA FUENTE INMEDIANTE DE ADQUISICIÓN | |
| Forma de adquisición | Gratuito |
| 610 27 - ASIENTO SECUNDARIO DE MATERIA--NOMBRE CORPORATIVO | |
| 9 (RLIN) | 39727 |
| Nombre de entidad corporativa o nombre de jurisdicción como elemento inicial | Uber (Firma) |
| 650 #4 - ASIENTO SECUNDARIO DE MATERIA--TÉRMINO DE MATERIA | |
| Término de materia o nombre geográfico como elemento inicial | economía colaborativa |
| 9 (RLIN) | 37923 |
| 650 #4 - ASIENTO SECUNDARIO DE MATERIA--TÉRMINO DE MATERIA | |
| Término de materia o nombre geográfico como elemento inicial | globalización económica |
| 9 (RLIN) | 30653 |
| 650 #4 - ASIENTO SECUNDARIO DE MATERIA--TÉRMINO DE MATERIA | |
| Término de materia o nombre geográfico como elemento inicial | nuevas tecnologías |
| 9 (RLIN) | 30788 |
| 650 #4 - ASIENTO SECUNDARIO DE MATERIA--TÉRMINO DE MATERIA | |
| Término de materia o nombre geográfico como elemento inicial | tecnología de la información |
| 9 (RLIN) | 30104 |
| 650 #4 - ASIENTO SECUNDARIO DE MATERIA--TÉRMINO DE MATERIA | |
| Término de materia o nombre geográfico como elemento inicial | Internet |
| 9 (RLIN) | 30572 |
| 650 #4 - ASIENTO SECUNDARIO DE MATERIA--TÉRMINO DE MATERIA | |
| Término de materia o nombre geográfico como elemento inicial | trabajo a cuenta propia |
| 9 (RLIN) | 30170 |
| 650 #4 - ASIENTO SECUNDARIO DE MATERIA--TÉRMINO DE MATERIA | |
| Término de materia o nombre geográfico como elemento inicial | trabajo subcontratado |
| 9 (RLIN) | 28310 |
| 650 #4 - ASIENTO SECUNDARIO DE MATERIA--TÉRMINO DE MATERIA | |
| Término de materia o nombre geográfico como elemento inicial | relaciones laborales |
| 9 (RLIN) | 28369 |
| 650 #4 - ASIENTO SECUNDARIO DE MATERIA--TÉRMINO DE MATERIA | |
| Término de materia o nombre geográfico como elemento inicial | sistema de remuneración |
| 9 (RLIN) | 28390 |
| 650 #4 - ASIENTO SECUNDARIO DE MATERIA--TÉRMINO DE MATERIA | |
| Término de materia o nombre geográfico como elemento inicial | derechos de los trabajadores |
| 9 (RLIN) | 29924 |
| 650 #4 - ASIENTO SECUNDARIO DE MATERIA--TÉRMINO DE MATERIA | |
| Término de materia o nombre geográfico como elemento inicial | derecho del trabajo |
| 9 (RLIN) | 27165 |
| 650 #4 - ASIENTO SECUNDARIO DE MATERIA--TÉRMINO DE MATERIA | |
| Término de materia o nombre geográfico como elemento inicial | estudio de casos |
| 9 (RLIN) | 28846 |
| 653 10 - TÉRMINO DE INDEXACIÓN--NO CONTROLADO | |
| Término no controlado | Derecho del trabajo y Seguridad Social |
| 700 1# - ENCABEZAMIENTO SECUNDARIO--NOMBRE PERSONAL | |
| 9 (RLIN) | 36693 |
| Nombre de persona | Gálvez Durán, Sergi |
| 710 2# - ENCABEZAMIENTO SECUNDARIO--NOMBRE CORPORATIVO | |
| 9 (RLIN) | 5409 |
| Nombre de entidad o nombre de jurisdicción como elemento inicial | Universitat Pompeu Fabra |
| Término indicativo de función | ed. |
| 740 02 - ENCABEZAMIENTO SECUNDARIO--TÍTULO ANALÍTICO/RELACIONADO NO CONTROLADO | |
| Título relacionado o analítico no controlado | Sharing economy vs. Uber economy an the boundaries of Labor Law, vulnerability of workers in the new digital environment |
| 740 02 - ENCABEZAMIENTO SECUNDARIO--TÍTULO ANALÍTICO/RELACIONADO NO CONTROLADO | |
| Título relacionado o analítico no controlado | InDret, revista para el análisis del Derecho |
| 856 4# - ACCESO ELECTRÓNICO | |
| Identificador Uniforme del Recurso (URI) | http://biblioteca.ces.es/repintra/B47356.pdf |
| Texto del enlace | texto impreso |
| Nota pública | [intranet] |
| 902 ## - CES. TIPO DE DOCUMENTO | |
| Tipodoc (006$c Sirtex) | ELE PUB. ELECTRONICA |
| 942 ## - ELEMENTOS KOHA | |
| Fuente de clasificaión o esquema | Clasificación propia del CES |
| Koha [por defecto] tipo de item | Monografías |
| Parte de clasificación | Derecho del Trabajo y Seguridad Social |
No hay ítems disponibles.
